000
00314nam a2200133Ia 4500
005
20251222153609.0
008
251222s9999||||xx |||||||||||||| ||spa||
020
_a
9972254534
082
_a
340/G11
245
0
_a
INDEX Jurisprudencial 1995-2005:
250
_a
1ra.ed.
264
_b
Gaceta JurÃdica
942
_c
LIB
999
_c
31545
_d
31545